[Event "Titled Tue 26th Mar Late"]
[Site "chess.com INT"]
[Date "2024.03.26"]
[Round "10"]
[White "Nakamura, Hi"]
[Black "Durarbayli, Vasif"]
[Result "1-0"]
[WhiteElo "2789"]
[BlackElo "2627"]
[PlyCount "77"]
[EventDate "2024.03.26"]

1. Nf3 d5 2. e3 c5 3. b3 a6 4. Bb2 Nc6 5. d4 Nf6 6. dxc5 e6 7. c4 Bxc5 8. cxd5 exd5 9. Be2 O-O 10. O-O Ba7 11. Na3 $146 ({RR} 11. Nc3 Qd6 12. Rc1 Re8 13. Na4 Ne4 14. Nd2 Qg6 15. Nxe4 dxe4 16. Kh1 Qg5 17. Nc3 Bf5 18. Qd6 Bb8 19. Qd5 Rd8 20. Qc5 Ba7 21. Qc4 Rd2 22. Ba1 Re8 23. Rfd1 Ne5 24. Qc7 Bb8 25. Qxb7 Rxe2 {Abdusattorov,N (2634)-Hansen,S (2528) Chess.com INT 2021 0-1}) 11... Re8 12. Nc2 Ne4 13. Ncd4 Qd6 14. Rc1 Bb8 15. a3 Bg4 16. g3 Bh3 17. Re1 Ba7 18. b4 h5 19. b5 axb5 20. Nxb5 Nxf2 21. Nxd6 Nxd1 22. Rcxd1 Rxe3 23. Kh1 Bc5 24. Nxb7 Rb8 25. Nxc5 Rxb2 26. Ng1 d4 27. Nd3 Ra2 28. Nxh3 Rexe2 29. Rxe2 Rxe2 30. Rc1 Re3 31. Nhf2 Ne5 32. Nxe5 Rxe5 33. Ra1 Ra5 34. Kg2 f5 35. h4 Kf7 36. Nd3 Ke6 37. Nf4+ Ke5 38. Nxh5 d3 39. a4 1-0

[Event "Titled Tue 2nd Apr Early"]
[Site "chess.com INT"]
[Date "2024.04.02"]
[Round "4"]
[White "Ivanchuk, V."]
[Black "Vetoshko, V."]
[Result "1-0"]
[WhiteElo "2611"]
[BlackElo "2505"]
[PlyCount "37"]
[EventDate "2024.04.02"]

1. Nf3 d5 2. g3 Nd7 3. d3 e5 4. e4 ({RR} 4. Nbd2 Ngf6 5. Bg2 Bc5 6. O-O e4 7. dxe4 dxe4 8. Ng5 e3 9. Nde4 exf2+ 10. Kh1 Bb6 11. Nxf6+ Qxf6 12. Ne4 Qe6 13. Nxf2 O-O 14. Nd3 Nf6 15. c4 Qxc4 16. Rxf6 gxf6 17. Bh6 Re8 18. Qf1 Qe6 {Maltsevskaya,A (2378)-Adla,D (2407) Chess.com INT 2022 1-0 (58)}) 4... dxe4 5. dxe4 Ngf6 6. Qe2 $146 ({RR} 6. Bg5 Be7 7. Nbd2 O-O 8. c3 c6 9. Qc2 Qc7 10. Bg2 h6 11. Bxf6 Nxf6 12. O-O Be6 13. Rfd1 Rad8 14. Bf1 Bc5 15. h3 Nh5 16. b4 Bb6 17. c4 Qc8 18. c5 Bc7 19. Kh2 f5 20. Bc4 fxe4 {Shabanaj,E (2070)-Geldyeva,M (2260) Khanty-Mansiysk 2010 0-1 (32)}) 6... Be7 7. Bh3 Nc5 8. Bxc8 Qxc8 9. Nc3 O-O 10. O-O h6 11. Nxe5 Qh3 12. f3 Rad8 13. Be3 Qh5 14. Nd3 Ne6 15. Rad1 Nd4 16. Qf2 Nxf3+ 17. Qxf3 Ng4 18. Rd2 Qh3 19. Nf4 1-0

[Event "Titled Tue 2nd Apr Early"]
[Site "chess.com INT"]
[Date "2024.04.02"]
[Round "7"]
[White "Pantsulaia, L."]
[Black "Martinez Alcantara, Jose Eduardo"]
[Result "1-0"]
[WhiteElo "2535"]
[BlackElo "2603"]
[PlyCount "115"]
[EventDate "2024.04.02"]

1. Nf3 {Ribli,Zoltan} c5 2. c4 Nc6 3. Nc3 g6 4. e3 ({RR} 4. d4 cxd4 5. Nxd4 Bg7 6. e3 ({RR} 6. Nc2 Bxc3+ 7. bxc3 Qa5) 6... Nf6) 4... Bg7 5. d4 d6 6. d5 ({RR} 6. h3) 6... Na5 ({RR} 6... Bxc3+ 7. bxc3 Na5 8. e4 Nf6 9. e5 dxe5 10. Nxe5 O-O 11. Be2 Nd7 12. Nxd7 Bxd7 13. O-O b6 14. Bh6 Re8 15. Qd2 Nb7 16. Rfe1 Nd6 17. Bf1 f6) 7. Bd2 Nf6 ({RR} 7... b6 8. Bd3 Nf6 9. h3 O-O 10. e4 e5 11. O-O a6 12. Rb1 Nh5 13. Re1 Rb8 14. b3 Qe8 15. Qc1 f5 16. Na4 Qd8 17. exf5 gxf5 18. Ng5 b5 19. Nc3 b4 20. Nd1 Nb7 21. Be2 Qe8 22. g4) 8. a3 b6 9. b4 Nb7 10. Bd3 O-O 11. O-O Bg4 $146 ({RR} 11... e6 12. e4 exd5 13. cxd5 ({RR} 13. exd5) 13... a5 14. Rb1 axb4 15. axb4 Bd7 ({RR} 15... cxb4 16. Rxb4 Nc5 17. Bb5) 16. h3 Ra3 17. Qc2 Qc8 18. Rfc1 c4 19. Bf1 Re8 20. Re1 Nh5 21. Qc1 Qa8 ({RR} 21... Ra8) 22. Ra1 ({RR} 22. Bxc4 Rc8 23. Rb3 Rxb3 24. Bxb3 Nf4) 22... Rxa1 23. Qxa1 b5 ({RR} 23... Qxa1 24. Rxa1 Rxe4 25. Ra7 ({RR} 25. Nxe4 Bxa1 26. Bxc4) 25... Bxc3 26. Bxc3 Bc8 27. Nd2 Re8 28. Nxc4) 24. Qc1 Qa6 25. Be3 Ra8 26. Nd4 {Gurevich,M (2610)-Bologan,V (2585) Belfort 1998 CBM 069 [Ribli,Zoltan] ½-½ (53)} ({RR} 26. Bd4)) 12. h3 Bxf3 13. Qxf3 cxb4 14. axb4 a5 15. Na2 Nd7 16. Rab1 Qc7 17. Qe2 Rfc8 18. Rfc1 Ne5 19. Be1 Qd7 20. Qd1 Rc7 21. Bf1 Qc8 22. Nc3 Qd8 23. Nb5 Rcc8 24. Nd4 axb4 25. f4 Nd7 26. Nc6 Qe8 27. Rxb4 Na5 28. Qf3 e5 29. dxe6 fxe6 30. Nd4 Qe7 31. Rbb1 Kh8 32. Nb5 Nc5 33. Rd1 Nab7 34. Bb4 Rab8 35. Na7 Qc7 36. Nxc8 Rxc8 37. Be1 Rf8 38. Qg4 Nd8 39. Bb4 Ne4 40. Bd3 Nc5 41. Bc2 Kg8 42. h4 Qe7 43. h5 gxh5 44. Qxh5 h6 45. Qg6 Rf6 46. Qh7+ Kf8 47. Bc3 e5 48. fxe5 dxe5 49. Rf1 Nd7 50. Bb4 Nc5 51. Rxf6+ Bxf6 52. Qxh6+ Ke8 53. Rf1 Bg7 54. Qxb6 Nde6 55. Bg6+ Kd7 56. Rd1+ Kc8 57. Bxc5 Nxc5 58. Bf5+ 1-0

[Event "Titled Tue 2nd Apr Early"]
[Site "chess.com INT"]
[Date "2024.04.02"]
[Round "9"]
[White "Pantsulaia, L."]
[Black "Terry, R."]
[Result "1-0"]
[WhiteElo "2535"]
[BlackElo "2521"]
[PlyCount "157"]
[EventDate "2024.04.02"]

1. Nf3 g6 2. g3 Bg7 3. Bg2 e5 4. O-O Nc6 5. c4 d6 6. Nc3 Nge7 7. Rb1 O-O 8. b4 Nd4 ({RR} 8... f5 9. b5 Na5 10. Qa4 c5 11. bxc6 bxc6 12. e3 Bd7 13. d3 c5 14. Qc2 Nac6 15. a3 Kh8 16. Bb2 Be6 17. Ng5 Bg8 18. f4 Qd7 19. Nd5 Rae8 20. Nxe7 Nxe7 21. Bc3 Rb8 22. Rb2 Nc6 23. Rfb1 {Firat,B (2492)-Fressinet,L (2660) Chess.com INT 2017 1-0 (42)}) ({RR} 8... f5 9. b5 Na5 10. Qa4 c5 11. bxc6 Naxc6 12. Ba3 e4 13. Ne1 Bxc3 14. dxc3 Qc7 15. f3 exf3 16. Nxf3 Bd7 17. c5 d5 18. Nd4 Nxd4 19. Qxd4 Be6 20. c4 Nc6 21. Qe3 Bf7 22. cxd5 Rfe8 23. Qc3 {Rajesh,C (2226)-Yang,J (2125) San Francisco USA 2024 1-0}) 9. d3 Ne6 $146 ({RR} 9... Nxf3+ 10. Bxf3 Bh3 11. Bxb7 Bxf1 12. Bxa8 Bxe2 13. Qxe2 Qxa8 14. Nb5 Qb8 15. a4 f5 16. Bg5 Nc6 17. Qf3 e4 18. dxe4 Ne5 19. Qe2 fxe4 20. Bf4 Nf3+ 21. Kg2 Re8 22. c5 a6 23. Qc4+ Kh8 24. Nc3 {Stoll,F (2245)-Hoermann,G Germany 1989 1-0 (39)}) 10. a4 h6 11. e4 f5 12. exf5 Nxf5 13. a5 Rb8 14. Re1 g5 15. Be3 Nxe3 16. fxe3 c6 17. Nd2 Bd7 18. Rf1 Qe7 19. Rxf8+ Rxf8 20. a6 bxa6 21. Qa4 Nd8 22. Qxa6 Bf5 23. Nde4 g4 24. b5 Bxe4 25. Nxe4 d5 26. cxd5 cxd5 27. Qa2 Ne6 28. Qxd5 Rd8 29. Qc4 Kh8 30. Rf1 Ng5 31. Nc3 Qd7 32. Nd5 Rc8 33. Qb4 Nf3+ 34. Bxf3 gxf3 35. Qe4 Rd8 36. Nb4 Qxb5 37. Rxf3 a5 38. Nc6 Qxd3 39. Qxd3 Rxd3 40. Nxa5 e4 41. Rf4 Rxe3 42. Nc4 Re2 43. h4 Bc3 44. Kf1 Re1+ 45. Kf2 Kh7 46. Ne3 Ra1 47. Rxe4 Ra7 48. Kf3 Rf7+ 49. Kg2 Bd2 50. Nc4 Bc3 51. Nd6 Rd7 52. Re6 Bg7 53. Nf5 Bf8 54. Kh3 Rf7 55. g4 Ra7 56. h5 Ra3+ 57. Kh4 Ra7 58. Rf6 Bg7 59. Rg6 Bf8 60. Kg3 Ra3+ 61. Kf4 Ra5 62. Ke4 Rb5 63. Rf6 Rb8 64. Kd5 Rd8+ 65. Ke6 Ra8 66. Kf7 Rb8 67. Re6 Ra8 68. Rc6 Rb8 69. Rc7 Ra8 70. Kf6+ Kg8 71. Rc6 Ra7 72. Kg6 Kh8 73. Nxh6 Rg7+ 74. Kf5 Ra7 75. g5 Ra5+ 76. Kg6 Ra7 77. Nf7+ Kg8 78. Ne5 Ra5 79. Re6 1-0

[Event "CHN Team Men 2024"]
[Site "Qingdao CHN"]
[Date "2024.04.08"]
[Round "7.1"]
[White "Bu Xiangzhi"]
[Black "Pang, Tao"]
[Result "1-0"]
[WhiteElo "2684"]
[BlackElo "2501"]
[PlyCount "91"]
[EventDate "2024.04.02"]
[EventType "team"]
[WhiteTeam "Shandong"]
[BlackTeam "Qingdao"]

1. Nf3 d5 2. g3 Nf6 3. Bg2 c5 4. O-O Nc6 5. d4 e6 6. c4 dxc4 7. dxc5 Qxd1 8. Rxd1 Bxc5 9. Nfd2 Na5 10. Na3 Bxa3 11. bxa3 Nd5 ({RR} 11... Bd7 12. Bb2 Rc8 13. Bc3 b6 14. Rdc1 O-O 15. Bb4 Rfd8 16. Bxa5 bxa5 17. Nxc4 Bb5 18. Nxa5 Rxc1+ 19. Rxc1 Bxe2 20. Nc6 Rd2 21. Nxa7 h5 22. Ra1 Bd3 23. a4 Ng4 24. a5 Nxf2 25. Nc6 Ng4 26. Nb4 {Livaic,L (2560)-Kulaots,K (2521) Stockholm SWE 2025 ½-½ (72)}) ({RR} 11... Bd7 12. Bb2 Rc8 13. Bc3 b6 14. Rdc1 Rc7 15. Be5 Rc8 16. Bc3 Rc7 17. Be5 Rc8 18. Bc3 Rc7 19. Be5 {½-½ (19) Nguyen Ngoc Truong Son (2635)-Bu Xiangzhi (2690) Hangzhou CHN 2023}) 12. Ne4 c3 $146 ({RR} 12... O-O 13. Bd2 Nc6 14. Nc3 Rd8 15. Rab1 f6 16. Be1 Nxc3 17. Bxc3 Rxd1+ 18. Rxd1 Kf7 19. a4 Rb8 20. a5 Ke7 21. Be4 h6 22. Rc1 e5 23. e3 Be6 24. f4 {½-½ (24) Fressinet,L (2645)-Edouard,R (2638) Nimes 2018}) ({RR} 12... O-O 13. Bd2 b6 14. Rac1 Ba6 15. Bxa5 bxa5 16. Nc5 Bb5 17. Bxd5 exd5 18. Rxd5 Rfd8 19. Rxd8+ Rxd8 20. Ne4 f5 21. Nc3 Bc6 22. f3 Kf7 23. Kf2 g5 24. Ke3 Rd6 25. Rd1 Re6+ 26. Kf2 Rh6 27. h4 {Carlsen,M (2837)-Harikrishna,P (2744) Riadh 2017 1-0 (39)}) 13. a4 O-O 14. Ba3 c2 15. Rd4 Rd8 16. Rc1 Bd7 17. Nd6 Bc6 18. Rxc2 Nb6 19. Bxc6 Nxc6 20. Rd3 Rd7 21. Kg2 e5 22. Rc1 Nxa4 23. Nxb7 Rxb7 24. Rxc6 Nb6 25. h4 f6 26. h5 Kf7 27. h6 gxh6 28. Rdd6 Nd7 29. e4 h5 30. Kh3 Kg6 31. Bc1 Rf8 32. Be3 Nb6 33. f4 Nd7 34. f5+ Kf7 35. a4 a5 36. Rd5 Rg8 37. Rxa5 Rg4 38. Rc4 Rb3 39. Bf2 Rb2 40. Ra7 Ke7 41. Bc5+ Ke8 42. Ba3 Nb6 43. Rc3 Rd2 44. a5 Nd7 45. Rc8+ Kf7 46. Rd8 1-0

[Event "Titled Tue 9th Apr Early"]
[Site "chess.com INT"]
[Date "2024.04.09"]
[Round "9"]
[White "Anton Guijarro, D."]
[Black "Shirov, A."]
[Result "1-0"]
[WhiteElo "2673"]
[BlackElo "2661"]
[PlyCount "45"]
[EventDate "2024.04.09"]

1. Nf3 d5 2. e3 Bg4 3. c4 Nc6 ({RR} 3... e6 4. cxd5 exd5 5. Qb3 Bc8 6. Nc3 Nf6 7. d4 c6 8. Bd3 Bd6 9. O-O O-O 10. a3 Re8 11. Qc2 Qe7 12. Nd2 Ng4 13. h3 Nh2 14. Re1 Qg5 15. Kh1 Qh4 16. Kg1 Re6 17. Nf1 Nxf1 18. Rxf1 {Keymer,V (2667)-Hansen,E (2606) Chess.com INT 2022 1-0 (33)}) 4. cxd5 Qxd5 5. Nc3 Qh5 6. Be2 $146 ({RR} 6. Bb5 Nf6 7. Bxc6+ bxc6 8. h3 e5 9. Rh2 Bxf3 10. Qxf3 Qxf3 11. gxf3 Nd5 12. Nd1 Bd6 13. Rg2 g6 14. b3 Kd7 15. Ke2 Rhb8 16. Nb2 a5 17. Rg4 f5 18. Rg1 Nb6 19. d3 a4 20. Bd2 axb3 {Daly,C (2329)-Delaney,K (2206) Dublin 2018 ½-½ (54)}) ({RR} 6. Bb5 O-O-O 7. Bxc6 bxc6 8. Qe2 Kb8 9. Ne4 Nf6 10. Ng3 Qb5 11. Qxb5+ cxb5 12. Ne5 Rd5 13. Nxf7 Rg8 14. d4 Nd7 15. f3 Be6 16. Nd8 {1-0 (16) Alekseev,E (2550)-Gledura,B (2620) chess.com INT 2024}) 6... Nf6 7. h3 O-O-O 8. O-O e6 9. Re1 Ne5 10. hxg4 Nfxg4 11. d4 Ng6 12. Qa4 a6 13. Ne4 Bd6 14. Nxd6+ Rxd6 15. Bd2 e5 16. Qa5 Rhd8 17. Rac1 R8d7 18. Rc5 b6 19. Qxa6+ Kb8 20. Qb5 Kc8 21. Rc6 Rd5 22. Qxb6 e4 23. Rec1 1-0

[Event "FIDE Candidates 2024"]
[Site "Toronto CAN"]
[Date "2024.04.17"]
[Round "11.4"]
[White "Firouzja, Alireza"]
[Black "Abasov, N."]
[Result "1-0"]
[WhiteElo "2760"]
[BlackElo "2632"]
[PlyCount "47"]
[EventDate "2024.04.04"]

1. Nf3 Nf6 2. b3 c5 3. Bb2 Nc6 4. e3 g6 5. d4 cxd4 6. Nxd4 Bg7 7. Be2 O-O 8. O-O Nxd4 9. Bxd4 d5 10. Nd2 Qd6 $146 ({RR} 10... Bf5 11. c4 a6 12. Rc1 Rc8 13. Bf3 Bd3 14. Re1 Ne4 15. cxd5 Rxc1 16. Qxc1 Qxd5 17. Bxg7 Kxg7 18. Nxe4 Bxe4 19. Rd1 Qe5 20. Bxe4 Qxe4 21. Qc7 b5 22. h3 e6 23. a3 h5 24. b4 h4 25. Rd4 {Gurel,E (2602)-Donchenko,A (2638) chess.com INT 2024 1-0 (45)}) ({RR} 10... Bf5 11. f4 Ne4 12. Nxe4 Bxe4 13. Bxg7 Kxg7 14. Qd4+ Kg8 15. c4 Qb6 16. c5 Qc7 17. b4 e5 18. Qxe5 Qxe5 19. fxe5 Rfe8 20. Rac1 Rxe5 21. Rfd1 Rc8 22. a4 Kf8 23. a5 Ke7 24. a6 Rc7 25. Ra1 {Soham,K (2430)-Namitbir,S (2347) Moscow RUS 2025 ½-½ (36)}) 11. c4 Rd8 12. cxd5 Qxd5 13. Bf3 Qf5 14. Rc1 Ne8 15. Rc5 e5 16. Nc4 f6 17. Rd5 Rxd5 18. Bxd5+ Kh8 19. Bc5 Qd7 20. Bf3 Rb8 21. Bxa7 Ra8 22. Nb6 Qxd1 23. Rxd1 Rxa7 24. Rd8 1-0

[Event "FIDE Women's Candidates"]
[Site "Toronto CAN"]
[Date "2024.04.17"]
[Round "11.2"]
[White "Tan, Zhongyi"]
[Black "Lagno, Kateryna"]
[Result "1-0"]
[WhiteElo "2521"]
[BlackElo "2542"]
[PlyCount "93"]
[EventDate "2024.04.04"]

1. Nf3 d5 2. g3 Nf6 3. Bg2 e6 4. O-O Be7 5. d4 O-O 6. Nbd2 c5 7. dxc5 Bxc5 8. c4 Nc6 9. e3 ({RR} 9. a3 a5 10. cxd5 exd5 11. Nb3 Bb6 12. Nbd4 a4 13. Bf4 Ne4 14. Nxc6 bxc6 15. Ne5 Bb7 16. Bxe4 dxe4 17. Rc1 e3 18. Bxe3 Bxe3 19. Qxd8 Bxf2+ 20. Kxf2 Rfxd8 21. Rfd1 f6 22. Nd7 Ba6 23. Rxc6 Bb5 {Bu Xiangzhi (2690)-Tabatabaei,M (2685) Hangzhou CHN 2023 ½-½ (76)}) 9... b6 $146 ({RR} 9... a5 10. cxd5 exd5 11. Nb3 Bb6 12. Nbd4 Nxd4 13. Nxd4 Bg4 14. Qd3 Re8 15. Bd2 Ne4 16. Bc3 Rc8 17. Rac1 Qd7 18. Qb5 Qxb5 19. Nxb5 Be2 20. Bxe4 Bxb5 21. Bf5 Bxf1 22. Bxc8 Rxc8 23. Rxf1 f6 24. Rd1 {Daneshvar,B (2582)-Niemann,H (2689) chess.com INT 2024 ½-½ (65)}) 10. b3 Bb7 11. Bb2 dxc4 12. Nxc4 Qe7 13. Ng5 e5 14. Ne4 Nxe4 15. Bxe4 Rad8 16. Qf3 f5 17. Bd5+ Kh8 18. Bxc6 e4 19. Qf4 Bxc6 20. Rfd1 Bd5 21. Ne5 Kg8 22. h4 Qe6 23. Nc4 Be7 24. Rac1 h6 25. Qc7 b5 26. Ne5 Bf6 27. Rc5 Rfe8 28. Rxb5 Bxb3 29. Rxd8 Bxd8 30. Qxa7 Bd1 31. Nc6 Bf6 32. Bxf6 Qxf6 33. Qd7 Bh5 34. Rxf5 Qa1+ 35. Kh2 Qxa2 36. g4 Bg6 37. h5 Bxf5 38. Qxe8+ Kh7 39. Kg3 Be6 40. Nd4 Bd5 41. Qe5 Ba8 42. Ne6 Qa7 43. Qf5+ Kg8 44. Qf8+ Kh7 45. g5 hxg5 46. Nxg5+ Kh6 47. Kh4 1-0

[Event "Titled Tue 16th Apr Early"]
[Site "chess.com INT"]
[Date "2024.04.16"]
[Round "5"]
[White "Vidit, S."]
[Black "Tari, A."]
[Result "1-0"]
[WhiteElo "2727"]
[BlackElo "2634"]
[PlyCount "89"]
[EventDate "2024.04.16"]

1. Nf3 d5 2. g3 c5 3. Bg2 Nc6 4. d4 Nf6 5. O-O e6 6. c4 dxc4 7. Qa4 Bd7 8. Qxc4 b5 9. Qd3 c4 10. Qd1 Rc8 11. Bf4 Be7 ({RR} 11... h6 12. Nc3 b4 13. Nb5 Qa5 14. Nd6+ Bxd6 15. Bxd6 Ne4 16. Bf4 c3 17. Qb1 f5 18. a3 O-O 19. axb4 Qb5 20. Re1 a5 21. bxa5 g5 22. bxc3 Qxb1 23. Rexb1 gxf4 24. Rb7 Be8 25. gxf4 Nxc3 26. e3 {Carlsen,M (2861)-Aronian,L (2759) chess24.com INT 2022 1-0 (53)}) 12. Nc3 Qb6 13. Ne5 $146 ({RR} 13. a3 O-O 14. e4 Rfd8 15. d5 Be8 16. Ne5 exd5 17. exd5 Nxe5 18. Bxe5 a5 19. d6 Rxd6 20. Bxd6 Bxd6 21. Re1 Bc5 22. Qe2 g6 23. Nd5 Nxd5 24. Bxd5 Qf6 25. Rad1 Bd4 26. Rb1 Bd7 27. Rbd1 Re8 {Rueger,E-Schuchardt,G Germany 1989 ½-½ (38)}) ({RR} 13. a4 b4 14. Nb5 Na5 15. d5 Nxd5 16. Be5 Nb3 17. Bxg7 Rg8 18. Bd4 Qb7 19. Rb1 a6 20. e4 axb5 21. exd5 Qxd5 22. axb5 Bxb5 23. Re1 Bc6 24. Be5 Qxd1 25. Rbxd1 Rd8 26. Rxd8+ Kxd8 27. Bf4 Bf6 {Oparin,G (2676)-Yuan,Q (2361) chess.com INT 2024 0-1 (56)}) 13... Nxe5 14. dxe5 Ng4 15. h3 Nh6 16. g4 Bc6 17. Ne4 O-O 18. Qc1 Bxe4 19. Bxe4 Qd4 20. Bg2 f6 21. exf6 Rxf6 22. Be3 Qe5 23. g5 Rg6 24. gxh6 Qh5 25. Bf4 e5 26. Bg3 Bc5 27. Kh2 Rf8 28. Qc3 Bd4 29. Qc2 Rxh6 30. Qe4 Rg6 31. e3 Bxb2 32. Rad1 c3 33. Rd7 Rgf6 34. Rc7 R6f7 35. Rc6 Qg5 36. Qg4 Qe7 37. Bd5 Kh8 38. Bxf7 Qxf7 39. Rc8 h5 40. Rxf8+ Qxf8 41. Qxh5+ Kg8 42. Qxe5 Qb4 43. Qd5+ Kh8 44. Rd1 c2 45. Qh5+ 1-0

[Event "Titled Tue 16th Apr Early"]
[Site "chess.com INT"]
[Date "2024.04.16"]
[Round "6"]
[White "Bachmann, Ax"]
[Black "Bacrot, E."]
[Result "1-0"]
[WhiteElo "2578"]
[BlackElo "2686"]
[PlyCount "61"]
[EventDate "2024.04.16"]

1. Nf3 d5 2. e3 e6 3. c4 Nf6 4. b3 b6 5. Bb2 Bb7 6. Nc3 Be7 ({RR} 6... Nbd7 7. cxd5 exd5 8. g3 d4 9. exd4 Qe7+ 10. Be2 Bxf3 11. O-O Bxe2 12. Nxe2 Qd8 13. Nf4 Be7 14. Qf3 O-O 15. Rac1 Bd6 16. Nd3 Re8 17. Rfe1 Rxe1+ 18. Rxe1 Qf8 19. Ne5 Re8 20. Qf5 Nb8 21. Re3 {Lenderman,A (2572)-Bacrot,E (2653) chess.com INT 2023 0-1}) 7. cxd5 exd5 8. Rc1 ({RR} 8. d4 Nbd7 9. g3 O-O 10. Bg2 Re8 11. O-O Bf8 12. Qc2 Rc8 13. Rfd1 a6 14. Ne1 Ne4 15. Nd3 Ndf6 16. Rac1 Bd6 17. Nxe4 Nxe4 18. Qe2 Qd7 19. Ne5 Qe6 20. Nd3 f6 21. Nf4 Qf7 22. Qf3 c5 {So,W (2812)-Bacrot,E (2708) Paris 2017 1-0 (42)}) ({RR} 8. Ne2 c5 9. g3 Nc6 10. Bg2 O-O 11. O-O Qc7 12. d3 Rfd8 13. Rc1 Rac8 14. d4 Ne4 15. Bh3 Ra8 16. Re1 Bf6 17. Ba1 Qe7 18. Nf4 g6 19. Nd3 Rac8 20. Bxc8 Bxc8 21. Kg2 Qe6 22. Nf4 Qf5 {Mazhkenov,A (2119)-Zhandos,A (1981) Almaty KAZ 2025 ½-½ (79)}) 8... O-O 9. d4 $146 ({RR} 9. Bd3 c5 10. Ne2 Nc6 11. O-O Ne4 12. Bb1 Bf6 13. Bxf6 Qxf6 14. Nf4 Ne5 15. Nxe5 Qxe5 16. d4 cxd4 17. Qxd4 Qxd4 18. exd4 Rac8 19. f3 Nd6 20. Bd3 g6 21. g4 Rxc1 22. Rxc1 Rc8 23. Rd1 Kf8 {Jumabayev,R (2585)-Bai,A (2395) Doha QAT 2023 1-0 (69)}) 9... c5 10. Be2 Nbd7 11. O-O a6 12. Ne5 Re8 13. f4 Rc8 14. Bd3 b5 15. Qf3 b4 16. Na4 Ne4 17. Nxd7 Qxd7 18. Nb6 Qe6 19. Nxc8 Rxc8 20. Bxe4 dxe4 21. Qg3 Bf6 22. Rfd1 Bd5 23. Rxc5 Rxc5 24. dxc5 Bxb2 25. f5 Qc8 26. Rxd5 h6 27. Qd6 Kh7 28. Qd7 Qb8 29. Qxf7 Bc1 30. f6 Bxe3+ 31. Kh1 1-0

[Event "Titled Tue 16th Apr Early"]
[Site "chess.com INT"]
[Date "2024.04.16"]
[Round "6"]
[White "Tabatabaei, M."]
[Black "Christiansen, Johan-Sebastian"]
[Result "1-0"]
[WhiteElo "2707"]
[BlackElo "2637"]
[PlyCount "107"]
[EventDate "2024.04.16"]

1. Nf3 c5 2. g3 g6 3. Bg2 Bg7 4. O-O Nc6 5. d3 d6 6. e4 e6 7. a4 ({RR} 7. c4 h5 8. Nc3 Nd4 9. Nxd4 cxd4 10. Nb5 Qb6 11. a4 a6 12. Na3 h4 13. Bd2 hxg3 14. fxg3 Bh6 15. b4 e5 16. c5 dxc5 17. Nc4 Qc7 18. bxc5 Qxc5 19. Ba5 Be6 20. Rb1 Bxc4 21. Bb4 Qc6 {Grabarczyk,B (2472)-Socko,B (2610) Warsaw 2005 ½-½ (32)}) 7... Nge7 8. Nfd2 O-O 9. f4 $146 ({RR} 9. c3 Rb8 10. f4 e5 11. Nc4 Be6 12. Nbd2 d5 13. Nxe5 Nxe5 14. fxe5 Bxe5 15. Nf3 Bg7 16. Qe2 dxe4 17. dxe4 Nc6 18. Bf4 Rc8 19. Rfd1 Qb6 20. Qb5 Rfe8 21. h3 h6 22. Bd6 Bb3 23. Re1 Ne5 {Voss,G (1913)-Himmelspacht,M (1802) Heusenstamm GER 2024 ½-½}) 9... Rb8 10. Kh1 a6 11. Nf3 b5 12. axb5 axb5 13. Nc3 b4 14. Ne2 d5 15. e5 f6 16. exf6 Bxf6 17. g4 Bg7 18. Ng3 e5 19. Nxe5 Nxe5 20. fxe5 Rxf1+ 21. Qxf1 Bxe5 22. Bf4 Qd6 23. Bxe5 Qxe5 24. Re1 Qd6 25. Qe2 Kf8 26. Qf3+ Kg8 27. Qe3 Nc6 28. Qg5 Bb7 29. Nf5 Qd7 30. Ne7+ Nxe7 31. Rxe7 Qd8 32. Qf6 Qf8 33. Qe6+ Kh8 34. Qe5+ Kg8 35. Rxb7 Rxb7 36. Bxd5+ Rf7 37. Qf6 Qe8 38. Bxf7+ Qxf7 39. Qxf7+ Kxf7 40. Kg2 Kf6 41. Kf3 Ke5 42. Ke3 Kd5 43. c3 h5 44. gxh5 gxh5 45. cxb4 cxb4 46. d4 Kc4 47. h4 Kb3 48. d5 Kxb2 49. d6 b3 50. d7 Ka1 51. d8=Q b2 52. Qa5+ Kb1 53. Kd3 Kc1 54. Qe1# 1-0

[Event "Titled Tue 16th Apr Early"]
[Site "chess.com INT"]
[Date "2024.04.16"]
[Round "6"]
[White "Makarian, Rudik"]
[Black "Samunenkov, Ihor"]
[Result "1-0"]
[WhiteElo "2524"]
[BlackElo "2548"]
[PlyCount "89"]
[EventDate "2024.04.16"]

1. Nf3 d5 2. g3 c5 3. Bg2 Nc6 4. O-O e5 5. d3 Be7 6. e4 d4 7. a4 g5 8. Na3 ({RR} 8. c3 Be6 9. cxd4 cxd4 10. a5 f6 11. a6 b6 12. Na3 Nh6 13. Nh4 O-O 14. Qh5 Kg7 15. Nf5+ Nxf5 16. exf5 Bf7 17. Qf3 Rc8 18. Nb5 Qd7 19. h4 h6 20. Bd2 Nb8 21. Qb7 Qxb5 22. Qxe7 Nc6 {Injac,T (2424)-Samunenkov,I (2532) chess.com INT 2024 0-1 (65)}) 8... h5 ({RR} 8... Be6 9. Nc4 f6 10. Ne1 h5 11. f4 h4 12. fxg5 fxg5 13. Nf3 hxg3 14. hxg3 Bf6 15. b3 Qe7 16. a5 g4 17. Nh2 O-O-O 18. Nxg4 Qh7 19. Nxf6 Qh2+ 20. Kf2 Nxf6 21. Rh1 Ng4+ 22. Qxg4 Bxg4 23. Rxh2 {Moshtael,W (2220)-Martinez Ramirez,L (2429) chess.com INT 2025 1-0 (46)}) 9. Nc4 f6 10. h4 g4 $146 ({RR} 10... Nh6 11. hxg5 Ng4 12. Nh4 fxg5 13. Nf5 Bxf5 14. exf5 Qd7 15. Qf3 Rf8 16. a5 Rxf5 17. Qe2 Nf6 18. a6 b6 19. Re1 Ng4 20. Qe4 Rc8 21. Bh3 Kd8 22. f3 Nh6 23. Bxf5 Nxf5 24. Nxe5 Nxe5 25. Qxe5 {Mounier,E (2130)-Bassier,J Montpellier 1999 1-0 (42)}) 11. Nfd2 Nh6 12. c3 Be6 13. Nb1 Nf7 14. a5 Qd7 15. Qa4 O-O 16. Nba3 Rac8 17. Qc2 Rfd8 18. Rd1 Kg7 19. Kh2 Nh8 20. Qd2 Nf7 21. Qe2 Bf8 22. f3 Be7 23. fxg4 Bxg4 24. Bf3 Bxf3 25. Qxf3 Rh8 26. Bd2 Rcg8 27. a6 b6 28. Nb5 Kf8 29. cxd4 exd4 30. Qf5 Qxf5 31. exf5 Nfe5 32. Bf4 Nxc4 33. dxc4 Kf7 34. Re1 Rc8 35. Re6 Rhd8 36. Rxc6 Rxc6 37. Nxa7 Rcc8 38. Nxc8 Rxc8 39. a7 Ra8 40. Bb8 Ke8 41. Re1 Kd7 42. Re6 Ke8 43. Rxb6 d3 44. Rb3 d2 45. Rd3 1-0

[Event "Titled Tue 16th Apr Early"]
[Site "chess.com INT"]
[Date "2024.04.16"]
[Round "7"]
[White "Le, Quang Liem"]
[Black "Durarbayli, Vasif"]
[Result "1-0"]
[WhiteElo "2731"]
[BlackElo "2627"]
[PlyCount "79"]
[EventDate "2024.04.16"]

1. Nf3 {Stockfish 16.1} d5 2. e3 Nf6 3. c4 c6 4. Nc3 Nbd7 5. Qc2 e5 6. cxd5 Nxd5 7. Be2 ({RR} 7. Bc4 Nxc3 ({RR} 7... N7b6 8. Nxe5 Be6 9. Bxd5 Nxd5) 8. bxc3 Bd6 9. d4 Qe7 10. e4 b5 11. Bd3 O-O 12. O-O Rb8 13. a4 a6 14. Rb1 h6 15. Be3 Re8 16. h3 Bb7 17. Rfe1 Ba8 18. c4 exd4 19. Nxd4 Bc5 20. cxb5 ({RR} 20. Nf5 Qe5 21. cxb5) 20... cxb5 21. axb5 ({RR} 21. Nf5 Qe5 22. f4 Bxe3+ 23. Rxe3 Qc5 24. Qb2) 21... axb5 {Keymer,V (2816)-Carlsen,M (2893) Chess.com 2024 [Stockfish 16.1] ½-½ (61)}) ({RR} 7. Bc4 Nb4 8. Qb1 Nb6 9. Be2 Bd6 10. a3 N4d5 11. Ne4 Bc7 12. b4 O-O 13. Bb2 f5 14. Nc5 e4 15. Nd4 Qg5 16. g3 Qg6 17. Qc2 Be5 18. f4 exf3 19. Bxf3 Kh8 20. O-O Bd7 21. Nxb7 Rae8 {Le,Q (2729)-Mikaelyan,A (2492) chess.com INT 2025 1-0 (72)}) 7... Be7 8. O-O O-O 9. d4 $146 ({RR} 9. b3 Nxc3 10. dxc3 a5 11. Bb2 Qc7 12. c4 b6 13. Rad1 Rd8 14. Qf5 Bd6 15. Qh5 Nf6 16. Qh4 Re8 17. Ng5 Bf5 18. Bd3 e4 19. Bb1 Be5 20. Bxe5 Rxe5 21. f4 Re7 22. Nh3 Bxh3 23. Qxh3 Rd8 {Pantzar,M (2300)-Lokander,M (2384) Vasteras 2018 ½-½ (115)}) 9... Nb4 10. Qb1 exd4 11. Nxd4 Bf6 12. Rd1 a5 13. a3 Na6 14. Ne4 Be5 15. b4 Nc7 16. Bb2 axb4 17. axb4 Rxa1 18. Bxa1 Re8 19. Nf5 Nd5 20. Nfd6 Re6 21. Bg4 Qh4 22. h3 Rxd6 23. Nxd6 Bxd6 24. e4 N7f6 25. Bxf6 Qxf6 26. exd5 Bxg4 27. hxg4 cxd5 28. Rxd5 g6 29. g3 Bc7 30. Qe4 Bb6 31. Qf4 Qe7 32. Kg2 Bc7 33. Qf3 Qe6 34. b5 b6 35. g5 Bd6 36. Rd3 Bc5 37. Qf6 Be7 38. Qxe6 fxe6 39. f4 Kf7 40. Rd7 1-0